CHILE: UNA TRAICION AL FUTURO/

שמור ב:
מידע ביבליוגרפי
מחבר ראשי: García, León Roberto (autor)
פורמט: ספר
נושאים:
תגים: הוספת תג
אין תגיות, היה/י הראשונ/ה לתייג את הרשומה!

MARC

LEADER 00000nam^a2200000^a^4500
001 000227999
005 20250521000000.0
009 20260310104306.056
035 |a 047041 
037 |a Acervo Xavier Clavigero 
082 |a 983. 0646  |b GAR 
100 |a García, León Roberto  |e (autor) 
245 1 0 |a CHILE:  |b UNA TRAICION AL FUTURO/  |c LEON ROBERTO GARCIA 
264 |a MEXICO :  |b EPOCA,  |c 1973 
300 |a 201p. 
336 |a texto  |b txt  |2 rdacontenido 
337 |a sin mediación  |b n  |2 rdamedio 
338 |a volumen  |b nc  |2 rdasoporte 
585 |a Exposición DIA 2023-09 / A 50 años del golpe de Estado: Chile e ITESO, convergencias con la dignidad y la memoria  
649 |a XX 
650 |a Chile -  |x Historia -  |y 1970-1973 
650 |a Política -  |z Chile 
910 |a Fondo General 
920 |a Impresos - Libros 
930 |a Colección General 
905 |a 101 
901 |a 047041  |b IT1  |c ACC  |i 047041  |u 20250521 
902 |a https://opac.biblio.iteso.mx/vufind/Record/000227999